Race - Alex G - Statistics

General Stats
  • This quiz has been taken 25 times
  • The average score is 9 of 13
Answer Stats
Length Title % Correct
3:21 Gnaw
100%
3:43 Race
100%
1:20 Time/Space
89%
2:48 Trash
89%
1:15 TV
89%
2:08 Remember
78%
2:15 Let It Go
67%
2:31 The Same
67%
2:37 Things To Do
67%
3:33 Crab
56%
1:09 Cross Country
56%
2:54 House
56%
0:57 Go Away
33%
No matching quizzes found
Score Distribution
Percent of People with Each Score
Percentile by Number Answered
Your Score History
You have not taken this quiz